Music Quiz

Random Music or Bands Quiz

Queen by Any 3 Letters Quiz Stats

 Plays Quiz Updated Oct 10, 2019

Score 0/170 Timer 05:00
21 Plays Today
Album Song % Correct
News of the WorldWe Are the Champions
95.1%
Flash Gordon (soundtrack)In the Death Cell (Love Theme Reprise)
94.1%
Hot SpaceLas Palabras de Amor (The Words of Love)
94%
Flash Gordon (soundtrack)In the Space Capsule (The Love Theme)
94%
Queen IIFather to Son
93.5%
Made in HeavenMother Love
93.5%
Flash Gordon (soundtrack)Flash's Theme Reprise (Victory Celebrations)
93.4%
The GameAnother One Bites the Dust
93.1%
Flash Gordon (soundtrack)The Kiss (Aura Resurrects Flash)
93%
Made in HeavenToo Much Love Will Kill You
93%
A Day at the RacesTie Your Mother Down
92.8%
JazzIf You Can't Beat Them
92.8%
InnuendoThese Are the Days of Our Lives
92.4%
The WorksMan on the Prowl
92.4%
Flash Gordon (soundtrack)Flash to the Rescue
92.4%
Queen IIThe March of the Black Queen
92.2%
A Night at the OperaGod Save the Queen
92%
Flash Gordon (soundtrack)Flash's Theme
91.6%
The WorksKeep Passing the Open Windows
91.5%
A Day at the RacesTeo Torriatte (Let Us Cling Together)
91.2%
InnuendoThe Show Must Go On
91.1%
Flash Gordon (soundtrack)Ming's Theme (In the Court of Ming the Merciless)
90.7%
Flash Gordon (soundtrack)The Ring (Hypnotic Seduction of Dale)
90.6%
Flash Gordon (soundtrack)Arboria (Planet of the Tree Men)
90.5%
Queen IIThe Fairy Feller's Master-Stroke
90.4%
Sheer Heart AttackIn the Lap of the Gods...Revisited
90.3%
InnuendoRide the Wild Wind
90.2%
The WorksIs This the World We Created...?
90.2%
The MiracleThe Miracle
90.2%
Queen IIThe Loser in the End
90%
A Day at the RacesThe Millionaire Waltz
90%
QueenThe Night Comes Down
89.9%
News of the WorldSleeping on the Sidewalk
89.9%
Flash Gordon (soundtrack)Vultan's Theme (Attack of the Hawk Men)
89.8%
The MiracleThe Invisible Man
89.8%
A Night at the OperaThe Prophet's Song
89.8%
The GameNeed Your Loving Tonight
89.8%
Sheer Heart AttackIn the Lap of the Gods
89.7%
Sheer Heart AttackLily of the Valley
89.7%
Flash Gordon (soundtrack)The Wedding March
89.5%
The GamePlay the Game
89.5%
A Kind of MagicPrinces of the Universe
89.4%
Flash Gordon (soundtrack)Battle Theme
89.3%
InnuendoThe Hitman
89.2%
A Kind of MagicGimme the Prize (Kurgan's Theme)
89.1%
Made in HeavenI Was Born to Love You
88.9%
News of the WorldFight from the Inside
88.9%
Flash Gordon (soundtrack)The Hero
88.7%
Flash Gordon (soundtrack)Escape from the Swamp
88.7%
The GameCrazy Little Thing Called Love
88.6%
Sheer Heart AttackFlick of the Wrist
88.5%
A Day at the RacesGood Old-Fashioned Lover Boy
87.3%
News of the WorldWe Will Rock You
86.9%
Flash Gordon (soundtrack)Marriage of Dale and Ming (And Flash Approaching)
86.3%
A Kind of MagicDon't Lose Your Head
85.8%
A Kind of MagicOne Year of Love
83.4%
News of the WorldWho Needs You
83.4%
Album Song % Correct
A Night at the OperaBohemian Rhapsody
83.1%
A Day at the RacesSomebody to Love
82.9%
A Day at the RacesYou and I
82.7%
A Day at the RacesYou Take My Breath Away
82.7%
A Kind of MagicWho Wants to Live Forever
82.4%
A Night at the OperaI'm in Love with My Car
82.1%
News of the WorldSpread Your Wings
81.5%
Made in HeavenYou Don't Fool Me
81.3%
A Night at the OperaYou're My Best Friend
80.5%
InnuendoI Can't Live with You
80.1%
News of the WorldGet Down, Make Love
79.9%
QueenKeep Yourself Alive
79.3%
QueenModern Times Rock 'n' Roll
78.9%
Queen IIFunny How Love Is
78.3%
A Night at the OperaLove of My Life
77%
A Night at the OperaLazing on a Sunday Afternoon
76.2%
Sheer Heart AttackKiller Queen
76%
Sheer Heart AttackShe Makes Me (Stormtrooper in Stilettos)
75.8%
Made in HeavenHeaven for Everyone
75%
QueenSon and Daughter
73.1%
Queen IISome Day One Day
72.7%
Sheer Heart AttackStone Cold Crazy
72%
The MiracleScandal
71.3%
JazzDon't Stop Me Now
71.1%
Hot SpacePut Out the Fire
69.9%
Hot SpaceLife is Real (Song for Lennon)
68.7%
The MiracleWas It All Worth It
68.4%
Queen IIWhite Queen (As It Began)
67.9%
JazzDead on Time
67.1%
JazzIn Only Seven Days
67.1%
Sheer Heart AttackBring Back That Leroy Brown
66.8%
Hot SpaceCalling All Girls
66.5%
News of the WorldSheer Heart Attack
66.2%
JazzFat Bottomed Girls
65.2%
Hot SpaceAction This Day
65%
The MiracleI Want It All
63.6%
Made in HeavenIt's a Beautiful Day (Reprise)
63.3%
Flash Gordon (soundtrack)Crash Dive on Mingo City
63.3%
A Night at the OperaDeath on Two Legs (Dedicated to...)
63%
A Kind of MagicFriends Will Be Friends
62.4%
JazzBicycle Race
62.3%
QueenGreat King Rat
62%
Sheer Heart AttackBrighton Rock
60.4%
The WorksI Want to Break Free
60.2%
A Kind of MagicOne Vision
60.1%
Made in HeavenIt's a Beautiful Day
59.2%
JazzLet Me Entertain You
58.3%
The WorksMachines (Or 'Back to Humans')
58.2%
The WorksHammer to Fall
57.2%
JazzDreamer's Ball
56.5%
JazzLeaving Home Ain't Easy
56.5%
News of the WorldAll Dead, All Dead
56.5%
Flash Gordon (soundtrack)Execution of Flash
56.4%
The MiracleRain Must Fall
56.4%
InnuendoDon't Try So Hard
56.4%
Sheer Heart AttackDear Friends
56%
InnuendoI'm Going Slightly Mad
55.8%
Album Song % Correct
QueenMy Fairy King
55.6%
InnuendoAll God's People
55.4%
Queen IIProcession
55.3%
The GameComing Soon
55.2%
JazzMore of That Jazz
55.1%
The GameDon't Try Suicide
55.1%
A Night at the OperaSeaside Rendezvous
54.4%
The GameRock It (Prime Jive)
54.4%
Hot SpaceStaying Power
54%
A Day at the RacesWhite Man
53.1%
Sheer Heart AttackNow I'm Here
52.9%
Queen IISeven Seas of Rhye
52.7%
QueenSeven Seas of Rhye
52.7%
Sheer Heart AttackTenement Funster
52.7%
Flash Gordon (soundtrack)Football Fight
52.6%
Made in HeavenMy Life Has Been Saved
52.4%
Made in HeavenA Winter's Tale
51.8%
QueenDoing All Right
48.1%
The GameSail Away Sweet Sister
48.1%
A Night at the Opera'39
47.6%
Hot SpaceUnder Pressure
47.4%
The WorksIt's a Hard Life
47%
Made in HeavenMade in Heaven
46.4%
A Night at the OperaGood Company
46.1%
Made in HeavenLet Me Live
45.4%
InnuendoInnuendo
45.3%
A Kind of MagicA Kind of Magic
45.1%
A Kind of MagicPain Is So Close to Pleasure
45%
InnuendoHeadlong
44.5%
Hot SpaceBack Chat
44.2%
The MiracleKhashoggi's Ship
39.7%
The MiracleBreakthru
39.4%
Queen IINevermore
39%
The GameDragon Attack
38.3%
The WorksRadio Ga Ga
38.2%
News of the WorldIt's Late
36.6%
Queen IIOgre Battle
35.6%
JazzMustapha
34.7%
Hot SpaceBody Language
28.9%
A Day at the RacesLong Away
28.6%
News of the WorldMy Melancholy Blues
25%
The GameSave Me
24.2%
The WorksTear It Up
20.4%
A Night at the OperaSweet Lady
20.4%
Sheer Heart AttackMisfire
20%
JazzFun It
19%
The MiracleParty
17.9%
Hot SpaceDancer
17%
Hot SpaceCool Cat
16.7%
The MiracleMy Baby Does Me
15.7%
JazzJealousy
15.1%
InnuendoDelilah
14.3%
QueenLiar
12.1%
A Day at the RacesDrowse
10.9%
QueenJesus
10.2%
InnuendoBijou
7.2%

You're not logged in!

Compare scores with friends on all Sporcle quizzes.
OR
Log In

Sporcle TV

Today on Sporcle TV


Watch our educational content, quiz creation guides, and fun videos on Sporcle TV.

Show Comments

Extras

Top Quizzes Today


Score Distribution

Your Account Isn't Verified!

In order to create a playlist on Sporcle, you need to verify the email address you used during registration. Go to your Sporcle Settings to finish the process.

Report this User

Report this user for behavior that violates our Community Guidelines.

Details: